| 000 | 00932nam a2200289Ia 4500 | ||
|---|---|---|---|
| 003 | OSt | ||
| 005 | 20221005071312.0 | ||
| 006 | a|||||r|||| 00| 0 | ||
| 007 | ta | ||
| 008 | 221004b |||||||| |||| 00| 0 eng d | ||
| 020 |
_a8173052182 _c2400 |
||
| 024 | _a83158 | ||
| 037 |
_b9346, 30/03/2005, Aryan Books International _cTextual |
||
| 040 |
_aCRL _cCRL _beng |
||
| 041 |
_2eng _aeng |
||
| 082 | _aNA4455,C9(Q4),995, P2 | ||
| 100 | _aPande Anupa | ||
| 245 | 0 | _aBuddhist cave paintings of Bagh | |
| 260 |
_aNew Delhi _bAryan Books International India _c2002 |
||
| 300 |
_axvi+212p. PlatesLCol.82;b/w13 22cmx28cm _ccm. |
||
| 490 | _aHeritage of Buddhist Art and Architecture.1. | ||
| 650 | _a ARCHITECTURE | ||
| 650 | _a ARTS | ||
| 650 |
_aBUDDHIST ART _937382 |
||
| 942 |
_hNA4455,C9(Q4),995, P2 _cTEXL _2cc |
||
| 999 |
_c977627 _d977627 |
||